书目信息 |
| 题名: |
档案社会化服务研究
|
|
| 作者: | 黄霄羽 著 | |
| 分册: | ||
| 出版信息: | 北京 中国人民大学出版社 2016 |
|
| 页数: | 397页 | |
| 开本: | 21cm | |
| 丛书名: | 当代档案学理论丛书 | |
| 单 册: | ||
| 中图分类: | G27 | |
| 科图分类: | ||
| 主题词: | 档案工作--研究 , 档案工作--研究 | |
| 电子资源: | ||
| ISBN: | 978-7-300-22444-2 | |
| 000 | 01362nam0 2200289 450 | |
| 001 | 2941 | |
| 001 | 01XX12781773@CSLN | |
| 005 | 20161207085645.75 | |
| 010 | @a978-7-300-22444-2@dCNY38.00 | |
| 100 | @a20160704d2016 em y0chiy50 ea | |
| 101 | 0 | @achi |
| 102 | @aCN@b110000 | |
| 105 | @ay z 000yy | |
| 200 | 1 | @a档案社会化服务研究@9dang an she hui hua fu wu yan jiu@dResearch on the social service of archival profession@zeng@f黄霄羽著 |
| 210 | @a北京@c中国人民大学出版社@d2016 | |
| 215 | @a397页@d21cm | |
| 225 | 2 | @a当代档案学理论丛书 |
| 300 | @a国家社会科学基金一般项目“档案社会化服务的理论基础与实践发展研究”的最终成果 | |
| 330 | @a本书以社会分工视角界定档案社会化服务的概念内涵,厘清其学术基点;科学解答档案社会化服务的承担主体、服务内容、实现途径和保障条件,帮助其在实践中落地;从多维角度归纳档案社会化服务的价值取向——安全保密、优质高效和合法合规的专业取向,立足社会分工、体现规模效益并维护社会记忆的社会取向,由技术、知识要素主导以及多元化与专业化并重的科学取向,追求可持续发展和协同发展、达到可信和被社会认同的发展取向。 | |
| 461 | 0 | @1001003073431 |
| 510 | 1 | @aResearch on the social service of archival profession@zeng |
| 606 | 0 | @a档案工作@x研究 |
| 606 | @a档案工作@x研究 | |
| 690 | @aG27@v5 | |
| 701 | 0 | @a黄霄羽@9huang xiao yu@f(1970-)@4著 |
| 801 | 0 | @aCN@b大连网信软件有限公司图书馆·11@c20161207 |
| 905 | @aZUCC@dG27@e76 | |
| 档案社会化服务研究=Research on the social service of archival profession/黄霄羽著.-北京:中国人民大学出版社,2016 |
| 397页;21cm.-(当代档案学理论丛书) |
| 国家社会科学基金一般项目“档案社会化服务的理论基础与实践发展研究”的最终成果 |
| ISBN 978-7-300-22444-2:CNY38.00 |
| 本书以社会分工视角界定档案社会化服务的概念内涵,厘清其学术基点;科学解答档案社会化服务的承担主体、服务内容、实现途径和保障条件,帮助其在实践中落地;从多维角度归纳档案社会化服务的价值取向——安全保密、优质高效和合法合规的专业取向,立足社会分工、体现规模效益并维护社会记忆的社会取向,由技术、知识要素主导以及多元化与专业化并重的科学取向,追求可持续发展和协同发展、达到可信和被社会认同的发展取向。 |
| ● |
| 相关链接 |
|
|
|
|
正题名:档案社会化服务研究
索取号:G27/76
 
预约/预借
| 序号 | 登录号 | 条形码 | 馆藏地/架位号 | 状态 | 备注 |
| 1 | 912658 | 209126587 | 第一样本阅览室/ [索取号:G27/76] | 在馆 | |
| 2 | 912659 | 209126596 | 第四借阅区/ [索取号:G27/76] | 在馆 | |
| 3 | 912660 | 209126603 | 第四借阅区/ [索取号:G27/76] | 在馆 | |
| 4 | 912661 | 209126612 | 第四借阅区/ [索取号:G27/76] | 在馆 |